Lagos - Choix multiples - Statistiques

Statistiques générales
  • Ce quiz a été pris 28 fois
  • Le résultat moyen est 6 sur 10
Statistiques - réponses
Question Réponse % Correct
Quelle ville a remplacé Lagos comme capitale du Nigeria en 1991 ? Abuja
88%
Lequel de ces records détient Lagos ? La ville la plus peuplée d'Afrique
88%
Quel surnom est donné à la grande industrie de cinéma basée à Lagos ? Nollywood
83%
Quelle est la langue locale majoritairement parlée à Lagos ? Yoruba
83%
Quel chanteur lagotien, engagé contre la dictature et les inégalités, est considéré comme le fondateur du style musical Afrobeat ? Fela Kuti
71%
Sur quoi sont construits les habitations du quartier de Makoko pour confronter la montée des eaux ? Pilotis en bois
58%
Laquelle de ces photos n'a PAS été prise à Lagos ?
50%
À la base de quelles plantes, iconiques du Nigeria, Lagos a-t-elle été fondée ? Les mangroves
50%
Quelle actrice et réalisatrice est une star de cette industrie ? Genevieve Nnaji
38%
Selon les sources locales, quel pourcentage de la population de Lagos vit dans les bidonvilles ? 70 %
25%
Aucun quiz correspondant
Distribution des résultats
% des personnes avec chaque résultat
Percentile par nombre de réponses
Votre historique - résultats
Vous n’avez pas pris ce quiz